000
00237nam a2200097Ia 4500
001
641734
005
20250826153513.0
008
250824s9999 xx 000 0 und d
245
0
_a
ACABA NE OLSAM? MÜHENDİS
_c
TOPRAK IŞIK
260
_b
TUDEM
999
_c
641734
_d
641734